Geografía de la república argentina : segunda parte /

Guardado en:
Autor Principal: Rossi, Floreal
Formato: Libro
Publicado: Buenos Aires : Stella, 1979
Edición:4a. ed.
Etiquetas: Agregar Etiqueta
Sin Etiquetas, Sea el primero en etiquetar este registro!
LEADER 00747nam a22001935a 4500
001 CEM.cems008748
008 130507s1979##################000#0#####d
005 20241216114659.0
245 1 0 |a Geografía de la república argentina :  |b segunda parte / 
250 |a 4a. ed. 
260 |a Buenos Aires :  |b Stella,  |c 1979 
300 |a 679 p.1 
100 1 |a Rossi, Floreal 
082 0 4 |a 330.982 
859 |a CEMS  |b BIB. CEMS - 11 de abril  |h 330.982  |i R735a4  |p 6879.79  |t Ej.1 
859 |a CEMS  |b BIB. CEMS - 11 de abril  |h 330.982  |i R735a4  |p 6880.79  |t Ej.2 
859 |a CEMS  |b BIB. CEMS - 11 de abril  |h 330.982  |i R735a4  |p 6882.79  |t Ej.4 
859 |a CEMS  |b BIB. CEMS - 11 de abril  |h 330.982  |i R735a4  |p 6883.79  |t Ej.5 
859 |a CEMS  |b BIB. CEMS - 11 de abril  |h 330.982  |i R735a4  |p 6884.79  |t Ej.6